000 00517nam a2200181Ia 4500
005 20250423094624.0
008 250422s9999 xx 000 0 und d
020 _a9781416025948
050 _aRC 681 .D68/
100 _a Edited by Douglas P. Zipes ... [et al.].
245 0 _aBraunwald's heart disease : a textbook of cardiovascular medicine [vol. 1]
260 _aPhiladelphia
260 _bElsevier Saunders
260 _c2005
300 _a1102 p
650 _aHeart--Diseases. Cardiology.
942 _cBK
999 _c27797
_d27797